000 00614cab a2200229 4500
001 ABS60270
008 090401t1999 xxu||||| |||| 00| 0 eng d
035 _a(Sirsi) u92555
041 _aeng
100 _aBrewer, G.
245 _aDefects and refusal to pay
260 _c1999
350 _a0
490 _aContract Journal
_v398(6219) 31 March 1999, 17(1)
650 _aBUILDING DEFECTS
650 _aLUMP SUM CONTRACT
650 _aR J YOUNG V THAMES PROPERTIES LTD
650 _aSUBSTANTIAL PERFORMANCE
690 _aBUILT ENVIRONMENT-BUILDING CONTRACT FORMS
942 _n0
948 _c06/04/1999
999 _c58672
_d58672